| 000 | 00565 a2200181 4500 | ||
|---|---|---|---|
| 999 |
_c3961 _d3961 |
||
| 020 | _a0435190016 | ||
| 050 | 0 | 0 | _aPR 2825 WAL 1960 |
| 100 | 1 |
_aShakespeare, William, _d1564-1616. |
|
| 245 | 1 | 4 |
_aThe merchant of Venice. _cEdited by J. H. Walter. |
| 264 |
_aOxford: _bHeinemann Educational Books, _c1960. |
||
| 300 |
_a216 p. _billus. |
||
| 500 | _aImprint covered by label: Plays, inc., publishers, Boston. | ||
| 650 | 0 | _aJews | |
| 650 | 0 | _aMoneylenders | |
| 651 | 0 | _aVenice (Italy) | |
| 700 | 1 |
_aWalter, J. H. _q(John Henry), _eed. |
|
| 942 |
_2lcc _cBK _h2825 _iWAL _kPR |
||